Boston Celtics Starters of the Last 10 Years - Statistics

General Stats
  • This quiz has been taken 1,461 times
    51 since last reset
  • The average score is 24 of 66
Answer Stats
Games Pos. Seasons Before Celtics Player % Correct
601 PF/SF 2018-26 Duke Jayson Tatum
100%
567 SF/SG 2017-26 California Jaylen Brown
98%
415 C/PF 2017-19, 2022-25 Atlanta Hawks Al Horford
95%
300 SG 2022-26 San Antonio Spurs Derrick White
90%
127 PG 2018-19 Cleveland Cavaliers Kyrie Irving
88%
131 PG 2024-25 Milwaukee Bucks Jrue Holiday
81%
99 C 2024-25 Washington Wizards Kristaps Porzingis
81%
312 PG/SG 2017-23 Oklahoma State Marcus Smart
79%
67 PG 2021-26 Oregon Payton Pritchard
74%
2 PF 2026 Kentucky Amari Williams
67%
58 PF/SF 2020-23 Tennessee Grant Williams
67%
99 PG 2020-21 Charlotte Hornets Kemba Walker
67%
97 PF/C 2019-23 Texas A&M Robert Williams III
67%
76 PG 2017 Phoenix Suns Isaiah Thomas
64%
81 C 2025-26 Sacramento Kings Neemias Queta
64%
89 SF/PF 2023-26 Virginia Sam Hauser
55%
71 SF/PF 2018-20 Utah Jazz Gordon Hayward
52%
112 C/PF 2018-22 Brose Bamberg (Germany) Daniel Theis
48%
1 C 2026 Chicago Bulls Nikola Vucevic
48%
25 PG 2022 Los Angeles Lakers Dennis Schroder
45%
27 SF/PF 2024-26 Arkansas Jordan Walsh
45%
6 C 2026 Minnesota Timberwolves Luka Garza
45%
25 C 2021, 2024-25 Chicago Bulls Luke Kornet
43%
55 SG/PG 2017 Texas Avery Bradley
38%
22 SG 2025-26 Creighton Baylor Scheierman
38%
3 SF 2026 Real Madrid (Spain) Hugo Gonzalez
36%
30 PG 2018-19 Louisville Terry Rozier
36%
6 C 2017 Gonzaga Kelly Olynyk
33%
16 C/PF 2023 Brooklyn Nets Blake Griffin
31%
74 PF/SF 2018-19 Detroit Pistons Marcus Morris Sr.
31%
3 SF 2026 Detroit Pistons Ron Harper Jr.
31%
43 PF/C 2021 Cleveland Cavaliers Tristan Thompson
31%
5 PF/C 2024-26 Memphis Grizzlies Xavier Tillman Sr.
31%
4 SF 2021-22 Vanderbilt Aaron Nesmith
29%
77 PF/C 2017 Toronto Raptors Amir Johnson
29%
72 SF/PF 2017 Dallas Mavericks Jae Crowder
29%
10 PF 2026 Minnesota Timberwolves Josh Minott
29%
85 C 2018-19 Detroit Pistons Aron Baynes
24%
8 C 2020, 2022 Portland Trail Blazers Enes Kanter
24%
5 PG 2021 Atlanta Hawks Jeff Teague
24%
10 SF 2021 Orlando Magic Evan Fournier
21%
11 SG 2020-22 Indiana Romeo Langford
21%
1 SG 2021 Purdue Carsen Edwards
19%
5 PF 2018 Shanghai Sharks (China) Guerschon Yabusele
17%
4 SG/SF 2020-21 ratiopharm Ulm (Germany) Javonte Green
17%
1 SG 2026 VCU Max Shulga
17%
4 PG 2020-21 LSU Tremont Waters
17%
1 SG 2024 Philadelphia 76ers Jaden Springer
14%
6 PF 2017 Detroit Pistons Jonas Jerebko
14%
4 C 2023 Oklahoma City Thunder Mike Muscala
14%
5 C 2017 Cleveland Cavaliers Tyler Zeller
14%
1 PG 2020 Fenerbahce (Turkey) Brad Wanamaker
12%
1 C 2021 Washington Wizards Moritz Wagner
12%
1 SG 2024 Indiana Pacers Oshae Brissett
12%
24 PF/SF 2019-21 SMU Semi Ojeleye
12%
1 SF 2018 Maine Red Claws Abdel Nader
10%
1 PG 2024 Toronto Raptors Dalano Banton
10%
1 PG 2018 Arizona Kadeem Allen
10%
1 C 2024 Cleveland Cavaliers Lamar Stevens
10%
2 PG 2018 Baskonia (Spain) Shane Larkin
10%
2 SF 2024 Charlotte Hornets Svi Mykhailiuk
10%
3 SF 2025 Chicago Bulls Torrey Craig
10%
1 SG 2018 California Jabari Bird
5%
1 C 2023 Shanghai Sharks (China) Noah Vonleh
5%
1 PF 2025 Sioux Falls Skyforce Drew Peterson
2%
1 PF 2017 LSU Jordan Mickey
2%
No matching quizzes found
Score Distribution
Percent of People with Each Score
Percentile by Number Answered
Your Score History
You have not taken this quiz since the last reset